Northernmost Settlements With Over 1,000 People - Statistics

General Stats
  • This quiz has been taken 15 times
  • The average score is 4 of 25
Answer Stats
Latitude Population Answer % Correct
78°12' N 2,400 Longyearbyen
77%
70°39' N 11,310 Hammerfest
54%
71°18' N 4,927 Utqiagvik
46%
69°58' N 15,784 Alta
31%
70°58' N 2,237 Honningsvåg
23%
70°19' N 1,310 Prudhoe Bay
23%
71°39' N 4,440 Tiksi
23%
72°47' N 1,090 Upernavik
23%
70°38' N 2,151 Båtsfjord
15%
72°42' N 1,555 Pond Inlet
15%
71°57' N 2,317 Saskylakh
15%
70°04' N 4,615 Vadsø
15%
71°32' N 1,972 Belushya Guba
8%
70°53' N 3,610 Gyda
8%
70°45' N 1,188 Kazachye
8%
71°59' N 2,645 Khatanga
8%
70°41' N 1,345 Kyusyur
8%
70°03' N 2,245 Lakselv
8%
70°02' N 2,426 Skjervøy
8%
69°54' N 1,190 Utsjoki
8%
70°40' N 1,407 Uummannaq
8%
70°22' N 1,690 Vardø
8%
72°48' N 1,179 Yuryung-Khaya
8%
70°37' N 1,832 Chokurdakh
0%
70°38' N 1,775 Rypefjord
0%
No matching quizzes found
Score Distribution
Percent of People with Each Score
Percentile by Number Answered
Your Score History
You have not taken this quiz